| 000 | 00323nam a2200121 i 4500 | ||
|---|---|---|---|
| 001 | bg | ||
| 245 | 0 | 0 | _aKursokonferencja naukowa pt."Zarządzanie przez cele w przedsiębiorstwach socjalistycznych". |
| 260 |
_aKoszalin, _c1979. |
||
| 040 | _cBPK | ||
| 041 | _apol | ||
| 942 | _cKS | ||
| 008 | s pl f |000 0 pol | ||
| 999 |
_c1338 _d1338 |
||
| 856 |
_uhttp://koha.tu.koszalin.pl/cgi-bin/koha/opac-detail.pl?biblionumber=1338 _yKatalog online BPK |
||